000 00658nam a2200241Ia 4500
005 20260430150049.0
008 008 250103s9999 xx 000 0 eng d
037 _aTheses
040 _aCRL
040 _beng
040 _ceng
041 _2eng
041 _aeng
084 _qCRL
100 _aKanika Au.; Chakraverty Shampa Gu.
_91236343
245 0 _aImproving the quality of learning in dynamic and collaborative environment
260 _c2022
300 _a157p.
650 _aTechnology
700 _aUniversity of Delhi. Faculty of Technology. Department of Computer Engineering
_9528425
942 _cTH
999 _c1848855
_d1848855